Logo BPK

Biblioteka

Politechniki Koszalińskiej

Arabische amtliche Briefe des 10. bis 16. Jahrhunderts aus der Österreichsischen Nationalbibliothek in Wien. Textband / (Rekord nr 34764)

Szczegóły MARC
000 -ETYKIETA REKORDU
podpole kontrolne o stałej długości 00783nam a2200241 i 4500
001 - NUMER KONTROLNY REKORDU
pole kontrolne bg
020 ## - MIĘDZYNARODOWY ZNORMALIZOWANY NUMER KSIĄŻKI - ISBN
ISBN 3447036532
040 ## - ŹRÓDŁO KATALOGOWANIA
Instytucja, która utworzyła rekord BPK
041 0# - KOD JĘZYKA
Kod języka tekstu de
080 ## - UNIWERSALNA KLASYFIKACJA DZIESIĘTNA - UKD
UKD 821.411.21-6"09/15"
920 ## - Międzynarodowy znormalizowany numer książki – ISBN
ISBN 3-447-03653-2
008 - POLE O STAŁEJ DŁUGOŚCI - DANE KONTROLNE
podpole kontrolne o stałej długości s pl f |000 0 pol
100 1# - NAZWA OSOBOWA
Nazwa osobowa DIEM, Werner
245 10 - TYTUŁ/ODPOWIEDZIALNOŚĆ
Tytuł Arabische amtliche Briefe des 10. bis 16. Jahrhunderts aus der Österreichsischen Nationalbibliothek in Wien. Textband /
Pozostałe elementy strefy tytułu i oznaczenia odpowiedzialności Werner Diem.
260 ## - STREFA ADRESU WYDAWNICZEGO
Miejsce wydania Wiesbaden :
Nazwa wydawcy/dystrybutora Harrassowitz,
Data publikacji, dystrybucji/powstania dokumentu 1996.
300 ## - STREFA OPISU FIZYCZNEGO
Objętość IX, 411 s. ;
Rozmiary 30 cm.
490 1# - STREFA SERII I DOKUMENTU WIELOCZĘŚCIOWEGO - FORMA NIE DO WYSZUKIWANIA
Tytuł i oznaczenie odpowiedzialności serii Documenta Arabica Antiqua,
ISSN 0945-5639 ;
Numeracja w obrębie serii Bd.3
500 ## - UWAGI OGÓLNE
Tekst uwagi Teksty listów w jęz. arab.
504 ## - UWAGA DOTYCZĄCA BIBLIOGRAFII
Informacje o bibliografii Bibliogr. s. 404-411.
650 #9 - HASŁO PRZEDMIOTOWE W FORMIE NAZWY OGÓLNEJ LUB JEDNOSTKOWEJ
Nazwa ogólna lub geograficzna Listy arabskie
Określnik chronologiczny 10-16 w.
830 ## - HASŁO DODATKOWE SERII LUB DOKUMENTU WIELOCZĘŚCIOWEGO - TYTUŁ UJEDNOLICONY
Tytuł ujednolicony Documenta Arabica Antiqua,
-- 0945-5639 ;
856 ## - LOKALIZACJA I DOSTĘP DO ELEKTRONICZNYCH DOKUMENTÓW ZDALNYCH
Link (URL) http://koha.tu.koszalin.pl/cgi-bin/koha/opac-detail.pl?biblionumber=34764
Tekst linku Katalog online BPK
942 ## - DODATKOWE ELEMENTY (KOHA)
Typ dokumentu Książka
Egzemplarze
Wycofany Status egzemplarza Uszkodzony Dostępność Lokalizacja stała Lokalizacja bieżąca Miejsce przechowywania Sygnatura Kod kreskowy Typ dokumentu
      Dostępny Biblioteka Politechniki Koszalińskiej Biblioteka Politechniki Koszalińskiej Wypożyczalnia BG 48506 01418194 Książka
© 2023 Biblioteka Politechniki Koszalińskiej :: KOHA